Guía para la presentación de proyectos
Furkejuvvon:
| Searvvušdahkki: | |
|---|---|
| Materiálatiipa: | Girji |
| Giella: | espánnjágiella |
| Almmustuhtton: |
Ciudad de México
Siglo Veintiuno
1978
|
| Preanttus: | 6a. ed |
| Ráidu: | Economía y Demografía
|
| Fáttát: | |
| Fáddágilkorat: |
Lasit fáddágilkoriid
Eai fáddágilkorat, Lasit vuosttaš fáddágilkora!
|
MARC
| LEADER | 00000nam a2200000 a 4500 | ||
|---|---|---|---|
| 001 | UCU6963 | ||
| 003 | CL-VaPUC | ||
| 008 | 960628e19780000MX |||||||||||||||||spa|d | ||
| 082 | 0 | 4 | |a 658.404 |b ILP |2 21 |
| 110 | 2 | |a ILPES |e author |9 365386 | |
| 245 | 1 | 0 | |a Guía para la presentación de proyectos |
| 250 | |a 6a. ed | ||
| 300 | |a 230 p | ||
| 942 | |c BK | ||
| 945 | |d 19960628 00:00:00 |a cmena | ||
| 260 | |a Ciudad de México |b Siglo Veintiuno |c 1978 | ||
| 650 | 0 | |a Evaluación de proyectos |9 259341 | |
| 650 | 0 | |a Proyectos de desarrollo |9 261582 | |
| 650 | 0 | |a Gestión de proyectos |9 260970 | |
| 650 | 0 | |a Estudios de proyectos |9 360457 | |
| 650 | 7 | |a PLANIFICACION DE PROYECTOS |2 CL-VaPUC |9 364615 | |
| 583 | |a last modification |c 20190713 21:44:26 |k Rodrigo Vera | ||
| 490 | 0 | |a Economía y Demografía | |
| 999 | |c 249690 |d 249688 | ||
| 952 | |0 0 |1 0 |4 0 |6 658_404000000000000_ILP_1978 |7 0 |8 A |9 267127 |a BIBALI |b BIBALI |c GEN |d 2019-11-19 |i 1964054 |o 658.404 ILP 1978 |p 1964054 |r 2025-01-20 |w 2019-11-19 |y BK |k ALI | ||
| 952 | |0 0 |1 0 |4 0 |6 658_404000000000000_ILP_1978 |7 0 |8 A |9 267128 |a BIBGIM |b BIBGIM |d 2019-11-19 |i 1985930 |l 1 |m 2 |o 658.404 ILP 1978 |p 1985930 |r 2025-01-15 |s 2024-04-04 |w 2019-11-19 |y BK |k COM | ||
| 952 | |0 0 |1 0 |4 0 |6 658_404000000000000_ILP_1978 |7 0 |8 A |9 267129 |a BIBALI |b BIBALI |c GEN |d 2019-11-19 |i 1962086 |o 658.404 ILP 1978 |p 1962086 |r 2025-01-20 |w 2019-11-19 |y BK |k ALI | ||
| 952 | |0 0 |1 0 |4 0 |6 658_404000000000000_ILP_1978 |7 0 |8 A |9 267130 |a BIBALI |b BIBALI |c GEN |d 2019-11-19 |i 1962094 |o 658.404 ILP 1978 |p 1962094 |r 2025-01-20 |w 2019-11-19 |y BK |k ALI | ||